000 00733nam a2200205Ia 4500
005 20241129110146.0
008 241129s9999||||xx |||||||||||||| ||und||
037 _aTB
040 _aARTS
_bpun
_cARTS
041 _apun
_2pun
084 _aP153:4k Q9(RR)
_qARTS
100 _a ਖ਼ੁਰਸ਼ੀਦਾ, ਸੁਰਜੀਤ, ਚ।
245 0 _aਜਗਜੀਤ ਕੋਸ਼
_c ਖ਼ੁਰਸ਼ੀਦਾ, ਸੁਰਜੀਤ, ਚ।
260 _aਪਟਿਆਲਾ, ਭਾਰਤ
_bਪਟਿਆਲਾ ਸਪਰੈਡ ਪਬਲੀਕੇਸ਼ਨ
_c2021
300 _a224ਪ੍ਰ0
365 _aINR
_b300
650 _aPunjabi LanguageDictionary
_9727438
942 _cTB
_hP153:4k Q9(RR)
999 _c1227533
_d1227533